<?xml version="1.0" encoding="UTF-8"?>
<record
    xmlns:xsi="http://www.w3.org/2001/XMLSchema-instance"
    xsi:schemaLocation="http://www.loc.gov/MARC21/slim http://www.loc.gov/standards/marcxml/schema/MARC21slim.xsd"
    xmlns="http://www.loc.gov/MARC21/slim">

  <leader>02139nam a22001697a 4500</leader>
  <controlfield tag="008">140714b        xxu||||| |||| 00| 0 eng d</controlfield>
  <datafield tag="020" ind1=" " ind2=" ">
    <subfield code="a">9780273744443</subfield>
  </datafield>
  <datafield tag="050" ind1=" " ind2=" ">
    <subfield code="a">HF5636</subfield>
    <subfield code="b">.E47</subfield>
  </datafield>
  <datafield tag="100" ind1=" " ind2=" ">
    <subfield code="a">Elliot, Barry </subfield>
  </datafield>
  <datafield tag="245" ind1=" " ind2=" ">
    <subfield code="a">Finanical accounting and reporting. /</subfield>
    <subfield code="c">Barry Elliot and Jamie Elliot </subfield>
  </datafield>
  <datafield tag="250" ind1=" " ind2=" ">
    <subfield code="a">14thed</subfield>
  </datafield>
  <datafield tag="260" ind1=" " ind2=" ">
    <subfield code="a">England,</subfield>
    <subfield code="b">Pearson:</subfield>
    <subfield code="c">2011.</subfield>
  </datafield>
  <datafield tag="300" ind1=" " ind2=" ">
    <subfield code="a">Xxvi,897p.:</subfield>
    <subfield code="b">ills.;</subfield>
    <subfield code="c">18cm.</subfield>
  </datafield>
  <datafield tag="500" ind1=" " ind2=" ">
    <subfield code="a">Includes index.</subfield>
  </datafield>
  <datafield tag="505" ind1=" " ind2=" ">
    <subfield code="a">Contents: Income and asset value measurement systems: Accounting and reporting on cash flow basis -- Accounting and reporting on an accrual accounting basis -- Income and asset value measurement: an economist's approach -- Accounting for price- level changes -- Regulatory framework- an attempt to achieve uniformity: Financial reporting- evolution of global conceptual framework -- Ethical behaviour and implications for accountants -- Preparation of statements of comprehensive income and financial position -- Annual report: additional financial statements -- Statement of financial position- equity, liability ans asset measurement and disclosure: Share capital, distributable profits and reduction of capital -- Off balance sheet finance -- employee benefits -- Taxation in company accounts -- Property, Plant and equipment (PPE) -- Leasing -- R&amp;D; goodwill; intangible asses and brands -- Inventories -- Construction contracts -- Consolidated accounts: Accounting for groups at the of acquisition -- Preparation of consolidated statements of financial position after the date of acquisition -- Preparation of consolidated statement of comprehensive income, changes in equity and cash flows -- Accounting for associates and joint ventures -- Accounting for associates and joint ventures -- Accounting for the effects of changes in foreign exchange rates under IAS 21 -- Interpretation: Earnings per share -- Statements of cash flows -- Review of financial ratio analysis -- Analytical analysis- selective use of ratios -- An introduction to financial reporting on the internet -- Accountability: Corporate governance -- Sustainability- environmental and social reporting</subfield>
  </datafield>
  <datafield tag="942" ind1=" " ind2=" ">
    <subfield code="2">lcc</subfield>
    <subfield code="c">BK</subfield>
  </datafield>
  <datafield tag="999" ind1=" " ind2=" ">
    <subfield code="c">3132</subfield>
    <subfield code="d">10632</subfield>
  </datafield>
  <datafield tag="952" ind1=" " ind2=" ">
    <subfield code="0">0</subfield>
    <subfield code="1">0</subfield>
    <subfield code="2">lcc</subfield>
    <subfield code="4">0</subfield>
    <subfield code="7">0</subfield>
    <subfield code="a">WIUC-1</subfield>
    <subfield code="b">WIUC-1</subfield>
    <subfield code="c">REF</subfield>
    <subfield code="d">2014-07-14</subfield>
    <subfield code="l">0</subfield>
    <subfield code="o">HF5636 .E47</subfield>
    <subfield code="p">7649/76/14</subfield>
    <subfield code="r">2014-07-14 00:00:00</subfield>
    <subfield code="t">1</subfield>
    <subfield code="w">2014-07-14</subfield>
    <subfield code="y">BK</subfield>
  </datafield>
  <datafield tag="952" ind1=" " ind2=" ">
    <subfield code="0">0</subfield>
    <subfield code="1">0</subfield>
    <subfield code="2">lcc</subfield>
    <subfield code="4">0</subfield>
    <subfield code="7">0</subfield>
    <subfield code="a">WIUC-1</subfield>
    <subfield code="b">WIUC-1</subfield>
    <subfield code="c">REF</subfield>
    <subfield code="d">2014-07-14</subfield>
    <subfield code="l">0</subfield>
    <subfield code="o">HF5636 .E471</subfield>
    <subfield code="p">7650/77/14</subfield>
    <subfield code="r">2014-07-14 00:00:00</subfield>
    <subfield code="t">2</subfield>
    <subfield code="w">2014-07-14</subfield>
    <subfield code="y">BK</subfield>
  </datafield>
  <datafield tag="952" ind1=" " ind2=" ">
    <subfield code="0">0</subfield>
    <subfield code="1">0</subfield>
    <subfield code="2">lcc</subfield>
    <subfield code="4">0</subfield>
    <subfield code="7">0</subfield>
    <subfield code="a">WIUC-1</subfield>
    <subfield code="b">WIUC-1</subfield>
    <subfield code="c">REF</subfield>
    <subfield code="d">2022-01-31</subfield>
    <subfield code="o">HF5636.E47(18e)</subfield>
    <subfield code="p">8808/259/20</subfield>
    <subfield code="r">2022-01-31 00:00:00</subfield>
    <subfield code="t">1</subfield>
    <subfield code="w">2022-01-31</subfield>
    <subfield code="y">BK</subfield>
  </datafield>
  <datafield tag="952" ind1=" " ind2=" ">
    <subfield code="0">0</subfield>
    <subfield code="1">0</subfield>
    <subfield code="2">lcc</subfield>
    <subfield code="4">0</subfield>
    <subfield code="7">0</subfield>
    <subfield code="a">WIUC-1</subfield>
    <subfield code="b">WIUC-1</subfield>
    <subfield code="c">REF</subfield>
    <subfield code="d">2022-01-31</subfield>
    <subfield code="o">HF5636.E471 (18e)</subfield>
    <subfield code="p">8809/260/20</subfield>
    <subfield code="r">2022-01-31 00:00:00</subfield>
    <subfield code="t">2</subfield>
    <subfield code="w">2022-01-31</subfield>
    <subfield code="y">BK</subfield>
  </datafield>
  <datafield tag="952" ind1=" " ind2=" ">
    <subfield code="0">0</subfield>
    <subfield code="1">0</subfield>
    <subfield code="2">lcc</subfield>
    <subfield code="4">0</subfield>
    <subfield code="7">0</subfield>
    <subfield code="a">WIUC-1</subfield>
    <subfield code="b">WIUC-1</subfield>
    <subfield code="c">REF</subfield>
    <subfield code="d">2022-01-31</subfield>
    <subfield code="o">HF5636.E472 (18e)</subfield>
    <subfield code="p">8810/261/20</subfield>
    <subfield code="r">2022-01-31 00:00:00</subfield>
    <subfield code="t">3</subfield>
    <subfield code="w">2022-01-31</subfield>
    <subfield code="y">BK</subfield>
  </datafield>
</record>
